Former Names of English Football Clubs - Statistics

General Stats
  • This quiz has been taken 292 times
  • The average score is 5 of 16
Answer Stats
Former name Present name % Correct
Thames Ironworks West Ham United
83%
Newton Heath Manchester United
76%
Small Heath Birmingham City
52%
Boscombe Bournemouth
39%
Abbey United Cambridge United
36%
Ardwick Manchester City
32%
Dial Square Arsenal
31%
Headington United Oxford United
26%
St Domingo's Everton
21%
Christchurch Rangers Queens Park Rangers
17%
Singers Coventry City
11%
New Brompton Gillingham
10%
Heaton Norris Rovers Stockport County
10%
Riverside Cardiff City
7%
St Luke's Wolverhampton Wanderers
6%
Pine Villa Oldham Athletic
5%
No matching quizzes found
Score Distribution
Percent of People with Each Score
Percentile by Number Answered
Your Score History
You have not taken this quiz